[Event "Reykjavik op"]
[Site "Reykjavik"]
[Date "2025.04.11"]
[Round "4"]
[White "Halldorsson, Nirvaan"]
[Black "Bozilov, Dragan"]
[Result "0-1"]
[WhiteElo "1701"]
[BlackElo "1981"]
[PlyCount "78"]
[EventDate "2025.04.09"]
[EventType "swiss"]
[EventRounds "9"]
[EventCountry "ISL"]
[SourceTitle "CB17_2025"]
[SourceDate "2025.04.23"]
[SourceVersion "1"]
[SourceVersionDate "2025.04.23"]
[SourceQuality "1"]

1. d4 Nf6 2. c4 e6 3. Nc3 d5 4. Bg5 c6 5. e3 Nbd7 6. Nf3 Be7 7. cxd5 exd5 8. Bd3 0-0 9. 0-0 Re8 10. b4 Ne4 11. Nxe4 dxe4 12. Bxe7 Qxe7 13. Bxe4 Qxe4 14. Ng5 Qg6 15. h4 h6 16. Nf3 Qh5 17. Qb3 Nf6 18. Ne5 Be6 19. Qd3 Qxh4 20. f3 Nd7 21. f4 Nxe5 22. fxe5 a6 23. Rf4 Qe7 24. Raf1 Qxb4 25. R4f3 Bc4 26. Qf5 Bxf1 27. Qxf7+ Kh8 28. Rg3 Qf8 29. Qg6 Bc4 30. Rf3 Qe7 31. Rh3 Qf7 32. Rxh6+ gxh6 33. Qxh6+ Kg8 34. Qg5+ Qg7 35. Qf5 Rf8 36. Qh5 Bf1 37. g4 Be2 38. Qh2 Qxg4+ 39. Kh1 Rf1+ 0-1